Teoría económica y análisis de operaciones / (Registro nro. 5431)
[ vista simple ]
| 000 -LEADER | |
|---|---|
| fixed length control field | 01197nam a2200313Ia 4500 |
| 003 - CONTROL NUMBER IDENTIFIER | |
| control field | OSt |
| 005 - DATE AND TIME OF LATEST TRANSACTION | |
| control field | 20200528160726.0 |
| 008 - FIXED-LENGTH DATA ELEMENTS--GENERAL INFORMATION | |
| fixed length control field | 191128s1980 sp ad gr 000 0 spa d |
| 020 ## - INTERNATIONAL STANDARD BOOK NUMBER | |
| International Standard Book Number | 139066446 |
| 040 ## - CATALOGING SOURCE | |
| Original cataloging agency | CO-JMCR |
| Transcribing agency | CO-JMCR |
| 041 1# - LANGUAGE CODE | |
| Language code of text/sound track or separate title | spa |
| Language code of original | eng |
| 082 04 - DEWEY DECIMAL CLASSIFICATION NUMBER | |
| Classification number | 330.1 / |
| Item number | B348t |
| Edition number | 23 |
| 100 1# - MAIN ENTRY--PERSONAL NAME | |
| Personal name | Baumol, William J., |
| Relator term | autor |
| 9 (RLIN) | 4823 |
| 245 10 - TITLE STATEMENT | |
| Title | Teoría económica y análisis de operaciones / |
| Statement of responsibility, etc. | William J. Baumol ; traducción de Alfredo Roa |
| 260 ## - PUBLICATION, DISTRIBUTION, ETC. | |
| Place of publication, distribution, etc. | España : |
| Name of publisher, distributor, etc. | Dossat : Prentice-Hall, |
| Date of publication, distribution, etc. | 1980 |
| 300 ## - PHYSICAL DESCRIPTION | |
| Extent | xxi, 701 páginas : |
| Other physical details | gráficos a blanco y negro ; |
| Dimensions | 24 cm. |
| 500 ## - GENERAL NOTE | |
| General note | Incluye índice páginas 685-701 |
| 500 ## - GENERAL NOTE | |
| General note | Bibliográfia al final de cada capítul |
| 504 ## - BIBLIOGRAPHY, ETC. NOTE | |
| Bibliography, etc. note | o. |
| 505 ## - FORMATTED CONTENTS NOTE | |
| Formatted contents note | Instrumentos analíticos de optimización – Teoría de la demanda y de la producción -- Empresas, juegos y decisiones -- Equilibrio general: bienestar y distribución |
| 534 ## - ORIGINAL VERSION NOTE | |
| Introductory phrase | Economic theory and operations analysis |
| 546 ## - LANGUAGE NOTE | |
| Language note | Traducido del inglés |
| 650 14 - SUBJECT ADDED ENTRY--TOPICAL TERM | |
| Topical term or geographic name entry element | Teoría económica |
| 9 (RLIN) | 4824 |
| 650 24 - SUBJECT ADDED ENTRY--TOPICAL TERM | |
| Topical term or geographic name entry element | Investigación operacional |
| 9 (RLIN) | 1721 |
| 650 24 - SUBJECT ADDED ENTRY--TOPICAL TERM | |
| Topical term or geographic name entry element | Análisis económico |
| 9 (RLIN) | 1810 |
| 651 ## - SUBJECT ADDED ENTRY--GEOGRAPHIC NAME | |
| Source of heading or term | |
| 700 1# - ADDED ENTRY--PERSONAL NAME | |
| Personal name | Roa, Alfredo, |
| Relator term | traductor |
| 9 (RLIN) | 4825 |
| 942 ## - ADDED ENTRY ELEMENTS (KOHA) | |
| Source of classification or shelving scheme | Dewey Decimal Classification |
| Koha item type | Books |
| Withdrawn status | Lost status | Source of classification or shelving scheme | Materials specified (bound volume or other part) | Damaged status | Not for loan | Home library | Current library | Shelving location | Date acquired | Source of acquisition | Cost, normal purchase price | Total Checkouts | Full call number | Barcode | Date last seen | Copy number | Price effective from | Koha item type |
|---|---|---|---|---|---|---|---|---|---|---|---|---|---|---|---|---|---|---|
| Dewey Decimal Classification | Donación--15/04/2018-- | Biblioteca Pública José María del Castillo y Rada | Biblioteca Pública José María del Castillo y Rada | General Stacks | 11/28/2019 | Donación | 0.00 | 330.1 / B348t | 430001901 | 05/16/2024 | Ej.1 | 11/28/2019 | Books |